| 000 | 00925nam a2200229 a 4500 | ||
|---|---|---|---|
| 001 | 85179 | ||
| 003 | BD-RjUL | ||
| 005 | 20250803151622.0 | ||
| 008 | 250710s2023 bg a|||| m||| 00| 0 eng d | ||
| 035 | _a(BD-RjUL)85179 | ||
| 040 |
_aBD-RjUL _beng _cBD-RjUL _dBD-RjUL |
||
| 082 |
_223 _a364.095492 _bKHC 2023 |
||
| 100 |
_aKhatun, Mst. Nurjahan _915987 |
||
| 245 | 1 | 0 |
_aCauses of and interventions to female criminality : _bA study on imprisoned criminals in Bangladesh / _cMst. Nurjahan Khatun ; _6Supervisor : M. Zulfiquar Ali Islam |
| 260 |
_aRajshahi : _bDepartment of Sociology, University of Rajshahi, _c2023 |
||
| 300 |
_axvii, 243 leaves : _bill, ; _c29.cm. |
||
| 502 | _aThesis (Ph. D.) -- Department of Sociology, University of Rajshahi, 2023 | ||
| 504 | _aReferences : Leaves 211 - 226 | ||
| 650 |
_aCriminology _vFemale _zBangladesh _915988 |
||
| 700 |
_aIslam. M. Zulfiquar Ali, Supervisor _915989 |
||
| 942 |
_cTHE _2ddc |
||
| 999 |
_c85179 _d85179 |
||